ロード中...
Photonics:Elements&Devices
| 第一著者: | |
|---|---|
| フォーマット: | Printed Book |
| 出版事項: |
Allahabad
Wheeler
1992
|
| 主題: |
| LEADER | 00487nam a22001577a 4500 | ||
|---|---|---|---|
| 020 | |a 8185614512 | ||
| 082 | |a 530 |b RAM | ||
| 100 | |a Rampal,V.V | ||
| 245 | |a Photonics:Elements&Devices | ||
| 260 | |a Allahabad |b Wheeler |c 1992 | ||
| 300 | |a xii,330 | ||
| 650 | |a Nonlinear-Optics | ||
| 650 | |a Fibre | ||
| 942 | |c BK | ||
| 999 | |c 128773 |d 128769 | ||
| 952 | |0 0 |1 0 |4 0 |6 530_000000000000000_RAM |7 0 |8 NFIC |9 127259 |a SPAP |b SPAP |c GEN |d 2017-08-21 |l 1 |o 530 RAM |p SPAP1343 |q 2020-02-26 |r 2020-02-12 |s 2020-02-12 |w 2017-08-21 |y BK | ||